000 00609nam a2200157 a 4500
008 120416s1996 ||||||||||||||||| || u
020 _a9068321072
050 _aS 540 Agr
100 _aBudelman, A
245 1 0 _aAgricultural R and D at the crossroads
_cedited by A. Budelman
246 _amerging systems research and social actor approaches
260 _aThe Netherlands
_bRoyal Tropica Institute
_c1996
300 _a247p. : ill.
350 _a0.00
995 _aMAIN LIBRARY OPEN ACCESS
_D0.00
_e734973
_FCBU-MAIN LIBRARY (Kitwe)
_H1
_I17.50
_jS 540 Agr
_M1
_UAVAILABLE
_y38397
_ZMain Library Open Access Collection
999 _c83851
_d83851